[Event "New York Winter Invitational GM-A 2022"]
[Site "New York"]
[Date "2022.01.14"]
[Round "1.1"]
[White "Wang, Kevin"]
[Black "Nagy, Gabor"]
[Result "1/2-1/2"]
[WhiteElo "2387"]
[BlackElo "2527"]
[Annotator "TA"]
[PlyCount "50"]
[EventDate "2022.01.11"]
[EventType "tourn"]
[EventCountry "USA"]
[SourceTitle "playchess.com"]
[Source "ChessBase"]
[SourceQuality "1"]

{[%evp 14,50,32,34,68,56,66,54,47,60,69,75,82,89,84,69,80,99,96,91,98,78,88,97,81,55,65,50,68,68,89,18,25,12,45,35,50,27,71]} 1. d4 g6 2. e4 Bg7 3. Nf3 d6 4. Bd3 Nf6 5. O-O O-O 6. Re1 Nc6 7. h3 e5 8. c3 Qe7 {B07: Pirc Defence: Miscellaneous Systems.} 9. Na3 {[%cal Bb1a3,Ba3c2,Bc2e3,Be3d5][%mdl 32]} Nh5 {[%cal Re5d4] [#]} 10. Nc2 $146 ({Predecessor:} 10. Bg5 Bf6 11. Be3 a6 12. Rc1 Bg7 13. b4 exd4 14. cxd4 Nxb4 15. Bb1 Nf6 16. d5 {½-½ (43) Oparin,G (2681)-Moroni,L (2575) Warsaw 2021}) 10... Bd7 {White is slightly better.} 11. Bc4 Kh8 12. Ne3 Rae8 13. Nd5 {[%csl LRc7,LRe7]} Qd8 {[#]} 14. g4 $1 Nf6 15. Bg5 Nb8 16. dxe5 dxe5 17. Qd2 c6 18. Nxf6 Bxf6 19. Bh6 Bg7 20. Rad1 $36 {[%mdl 2048] White has the initiative.} f6 21. Be3 {White is much more active.} b6 {Inhibits Bc5.} 22. Qd6 (22. b4 $16) 22... Qc8 {[%cal Od7g4] [#] White must now prevent ...Bxg4!} 23. Kh1 Be6 24. Bxe6 Rxe6 25. Qa3 Qb7 {Weighted Error Value: White=0.13 (very precise) /Black=0.10 (very precise)} (25... Rf7 $11 {was preferrable.}) 1/2-1/2

[Event "New York Winter Invitational GM-A 2022"]
[Site "New York"]
[Date "2022.01.14"]
[Round "1.2"]
[White "Daggupati, Balaji"]
[Black "Rozman, Levy"]
[Result "1/2-1/2"]
[WhiteElo "2442"]
[BlackElo "2346"]
[Annotator "TA"]
[PlyCount "110"]
[EventDate "2022.01.11"]
[EventType "tourn"]
[EventCountry "USA"]
[SourceTitle "playchess.com"]
[Source "ChessBase"]
[SourceQuality "1"]

{[%evp 14,110,16,31,40,9,6,-33,-19,-54,-49,-45,-47,-54,-54,-143,-135,-132,-86,-86,-16,-6,0,-26,-26,-89,-103,-110,-78,-78,-94,-92,-68,-81,-34,-85,0,-69,-54,-55,-66,-47,-39,-40,-49,-47,-65,-65,-51,-52,0,0,0,0,0,0,0,0,0,12,9,0,14,19,28,4,25,0,16,18,20,22,62,52,74,56,51,8,87,90,104,88,78,104,88,0,0,0,0,0,0,0,0,0,0,0,0,0,0]} 1. e4 e6 2. d4 d5 3. Nc3 Nf6 4. Bg5 dxe4 5. Nxe4 Be7 6. Bxf6 gxf6 7. Nf3 f5 8. Nc3 Nd7 {C13: French: Classical System: 4 Bg5 Be7, Alekhine-Chatard Attack.} 9. Bc4 c6 10. Qe2 b5 {Black is slightly better.} 11. Bb3 a5 {Strongly threatening ...a4.} 12. a4 b4 13. Nd1 {[#]} Nb6 $146 ({Predecessor:} 13... O-O 14. Ne3 Ba6 15. Bc4 Bxc4 16. Nxc4 Nf6 17. Rd1 Qc7 18. O-O c5 19. Nce5 Nd5 20. dxc5 Bxc5 {½-½ (31) Toth,A (2330)-Alienkin,A (2365) Budapest 1998}) 14. Ne5 (14. Ne3 $15) 14... Qxd4 $17 15. Nxc6 Qc5 ({Better is} 15... Qg7 16. g3 Bc5) 16. Nxe7 Kxe7 ({Black should play} 16... Ba6 $1 $17 {[%cal Ra6e2]} 17. Qe3 Qxe3+ 18. Nxe3 Kxe7) 17. Qh5 $11 Ba6 18. Qg5+ (18. Ne3 Rhd8 19. Qg5+ (19. Qh4+ $2 Ke8 $19) 19... Ke8 $15) 18... Ke8 $1 {Hoping for ...Rd8.} 19. Qf6 (19. Qg7 $11 {remains equal.} Rf8 20. Ne3) 19... Rg8 $36 {[%mdl 2048] Black is really pushing.} 20. Ne3 Rg6 $1 21. Qh4 (21. Qh8+ $2 Ke7 22. Qxh7 f4 23. Qh4+ Qg5 24. Nf5+ (24. Qxg5+ $2 Rxg5 25. h4 Re5 $19) 24... exf5 $19) 21... Rd8 {White must now prevent ...Qe5.} 22. Rd1 {[%csl Gh4][%cal Rd1d8]} Rd6 23. Qf4 {To avoid Qe5} (23. Rxd6 $2 Qxd6 24. Qxh7 f4 $19) 23... Ke7 (23... Rd7 $17) 24. Qh4+ (24. g3 $15) 24... Ke8 {...Qe5 is the strong threat.} 25. Qf4 {To avoid Qe5} (25. Rxd6 $2 Qxd6 26. Qxh7 f4 $19) 25... Nc8 26. g3 Rxd1+ 27. Kxd1 {And now Kc1 would win.} Qd6+ $1 28. Qxd6 Nxd6 29. Re1 Kd7 30. Kc1 Rh6 31. h4 Ne4 (31... Rg6 $15) 32. Ng4 $11 fxg4 33. Rxe4 {[%mdl 4096] Endgame KRB-KRB} Rf6 34. Rxg4 Rxf2 35. Rg5 f5 $1 ({Don't do} 35... Rf1+ 36. Kd2 $16) 36. Rg7+ Kd6 37. Ra7 Bc8 38. Rxa5 {Threatening Rb5.} Rg2 $1 39. Ra8 Kc7 40. Ra5 Rxg3 ({Much less strong is} 40... Rg1+ 41. Kd2 $14) 41. Rc5+ Kd8 42. a5 Rg7 43. Kd2 $1 Rc7 44. Rb5 Ra7 $1 45. Ke3 (45. Bc4 $14) 45... Bd7 (45... Ke7 $11 {keeps the balance.}) 46. Re5 $1 $16 ({Of course not} 46. Rxb4 $6 Rxa5 47. Rb8+ Bc8 $11) 46... Ke7 47. Bc4 Kd6 {[#]} 48. Kd4 Bc8 {[#]} 49. Rb5 (49. a6 $1 $16) 49... Rb7 $1 $11 {The position is equal.} 50. Rc5 Rc7 51. Rxc7 e5+ 52. Kd3 Kxc7 53. c3 bxc3 54. Kxc3 f4 55. Bd5 Bb7 {Weighted Error Value: White=0.11 (very precise) /Black=0.12 (very precise)} 1/2-1/2

[Event "New York Winter Invitational GM-A 2022"]
[Site "New York"]
[Date "2022.01.14"]
[Round "1.3"]
[White "Li, Eric"]
[Black "Khamrakulov, Djurabek"]
[Result "1/2-1/2"]
[WhiteElo "2341"]
[BlackElo "2515"]
[Annotator "TA"]
[PlyCount "63"]
[EventDate "2022.01.11"]
[EventType "tourn"]
[EventCountry "USA"]
[SourceTitle "playchess.com"]
[Source "ChessBase"]
[SourceQuality "1"]

{[%evp 9,63,26,29,33,52,4,32,32,60,58,66,56,73,52,67,54,87,75,73,48,83,15,31,10,16,18,18,21,16,19,19,17,20,15,47,40,40,40,64,70,65,66,135,108,135,24,55,0,0,0,19,0,0,-4,-4,-16]} 1. c4 e5 2. g3 Nf6 3. Bg2 Be7 4. Nf3 Nc6 5. d4 d6 6. O-O {A20: English Opening: 1...e5.} O-O 7. b3 (7. d5 $14 Nb4 8. a3) 7... Bg4 8. Bb2 {White is slightly better.} exd4 9. Nxd4 Qd7 10. Nc3 {[#]} Rfe8 $146 ({Predecessor:} 10... Bh3 11. Nxc6 bxc6 12. e4 Bxg2 13. Kxg2 Qe6 14. Re1 Rab8 15. f4 Rfd8 16. Qf3 Qg4 {½-½ (45) Vollbrecht,J-McDonald,M CServe email 1998}) 11. Re1 Bh3 12. Bh1 Rab8 13. Rc1 h5 14. Qd2 Ne5 {[%cal Oh5h4]} 15. e3 (15. f4 $16) 15... c6 {[%cal Oh5h4]} 16. Nce2 d5 17. cxd5 Nxd5 {[#]} 18. Nxc6 $1 bxc6 19. Bxe5 Bb4 20. Qb2 {Black must now prevent Red1.} Bxe1 21. Rxe1 Rbd8 22. Bxg7 Qg4 23. Bd4 {Hoping for Qc1. This bishop pair is nice.} Nb4 {aiming for ...Nd3.} 24. f3 $1 Qd7 {And now ...Nd3 would win.} 25. Qc3 {Inhibits Nd3.} Nd5 (25... Qd6 $14) 26. Qc5 {Threatens to win with e4.} Qd6 27. Qc1 ({Reject} 27. Qxa7 $6 Ra8 28. Qc5 Qxc5 29. Bxc5 Rxa2 $11) ({White should play} 27. e4 $16) 27... Qh6 {[%cal Rd5e3]} 28. e4 (28. Kf2 $5 {[%cal Ra2a3]}) 28... Qxc1 {The position is equal.} 29. Rxc1 (29. Nxc1 $2 {is the wrong capture.} Nb4 30. Be3 Nc2 $19) 29... Nb4 30. a3 Nd3 31. Rc3 {[#]} c5 $1 {[%cal Od3c1] To avoid b4} 32. Rxd3 {Weighted Error Value: White=0.21 (precise) /Black=0.16 (very precise)} (32. Bxc5 $2 Nxc5 33. Rxc5 Rd1+ 34. Kf2 Rxh1 35. Rg5+ Kf8 36. Rxh5 Rxh2+ 37. Ke3 Kg7 $17) 1/2-1/2

[Event "New York Winter Invitational GM-A 2022"]
[Site "New York"]
[Date "2022.01.14"]
[Round "1.4"]
[White "Schitco, Ivan"]
[Black "Theodorou, Nikolas"]
[Result "0-1"]
[WhiteElo "2486"]
[BlackElo "2577"]
[Annotator "TA"]
[PlyCount "80"]
[EventDate "2022.01.11"]
[EventType "tourn"]
[EventCountry "USA"]
[SourceTitle "playchess.com"]
[Source "ChessBase"]
[SourceQuality "1"]

{[%evp 22,80,35,18,28,31,43,52,39,37,50,49,47,49,51,45,43,25,40,34,56,29,17,0,0,0,0,0,0,0,0,0,48,46,46,-8,0,-112,-82,-74,-69,-73,-64,-109,-108,-177,-177,-159,-139,-239,-242,-247,-240,-239,-245,-241,-229,-581,-585,-570,-560]} 1. d4 Nf6 2. c4 g6 3. g3 Bg7 4. Bg2 O-O 5. Nc3 d6 6. Nf3 Nbd7 7. O-O e5 8. e4 exd4 9. Nxd4 Nc5 10. h3 Re8 11. Re1 Bd7 12. Kh2 c6 $5 {[%mdl 4] Exploring less charted territory. E68: King's Indian: Fianchetto: 6...Nbd7 7 0-0 e5 8 e4.} 13. f4 h5 {[#]} 14. Nb3 $146 ({Predecessor:} 14. b4 Ne6 15. Be3 Nxd4 16. Bxd4 Be6 17. Rc1 Bxc4 18. e5 dxe5 19. fxe5 Nh7 20. Ne4 Bxa2 {0-1 (37) Zaika,D (2216)-Fiedorek,M (2317) Suwalki 2019}) 14... Nxb3 {White is slightly better.} 15. axb3 Qc7 16. Be3 c5 17. Qd3 Bc6 18. Bd2 a6 19. Re2 Nd7 20. Rf1 Rad8 21. Bf3 b5 22. cxb5 axb5 23. Nxb5 {[%cal Bc3b5,Bb5a3,Ba3c4][%mdl 32]} Qb8 ({Don't do} 23... Bxb5 24. Qxb5 Rb8 25. Qd3 $14) 24. Na3 ({Don't play} 24. Nxd6 Ne5 $1 25. fxe5 Bxe5 $17) 24... Bxb2 25. Nc4 {[%csl LRb2,LRd6]} Bd4 26. e5 d5 (26... Bxf3 $1 $11 27. Qxf3 Qa8) 27. Nd6 $14 Re6 28. Ba5 ({White should try} 28. b4 $1 $14) 28... Rf8 29. Rfe1 (29. b4 $1 $11) 29... Rxd6 30. exd6 Bb5 31. Qd1 Bxe2 32. Qxe2 (32. Rxe2 $15 {should be considered.} Qxd6 33. b4) 32... Qxd6 $17 {[%cal Oh5h4]} 33. Bd2 (33. Qe7 $17 Qxe7 34. Rxe7) 33... Nf6 $19 34. Qd3 {[%cal Ob3b4]} Ra8 $36 {[%mdl 2048] Black has strong initiative.} 35. Re2 {[#]} (35. f5 $17) 35... Qa6 $1 36. Qxa6 Rxa6 37. g4 hxg4 38. hxg4 Ra3 39. Be3 $2 (39. Bc1 {is tougher.} Rxb3 40. Kg2) 39... Bxe3 40. Rxe3 c4 {Weighted Error Value: White=0.34/Black=0.05 (flawless)} 0-1

[Event "New York Winter Invitational GM-A 2022"]
[Site "New York"]
[Date "2022.01.14"]
[Round "1.5"]
[White "Shlyakhtenko, Robert"]
[Black "Liang, Jason"]
[Result "1-0"]
[WhiteElo "2383"]
[BlackElo "2410"]
[Annotator "TA"]
[PlyCount "115"]
[EventDate "2022.01.11"]
[EventType "tourn"]
[EventCountry "USA"]
[SourceTitle "playchess.com"]
[Source "ChessBase"]
[SourceQuality "1"]

{[%evp 9,115,20,33,20,19,19,19,20,20,20,23,18,21,19,24,12,16,10,7,29,16,22,20,0,0,0,0,0,0,0,0,0,28,28,31,37,33,25,33,35,84,87,112,75,118,122,132,129,183,91,158,165,182,106,159,77,170,147,150,147,147,136,118,88,82,80,89,0,70,77,85,85,85,87,95,116,150,83,96,102,97,73,98,57,261,260,548,538,539,533,502,475,1002,972,635,611,987,927,12068,10539,11836,5710,5297,5173,29984,29985,29983,29979]} 1. d4 d5 2. c4 e6 3. Nc3 a6 4. cxd5 exd5 5. Nf3 c6 6. Qb3 {D31: Queen's Gambit Declined: Semi-Slav without ...Nf6 (+ Marshall Gambit and Noteboom) and Exchange Variation lines without ...Nf6.} Nf6 {Inhibits e4.} 7. Bg5 {[%cal Oe2e4]} h6 8. Bh4 {[%cal Oe2e4] The position is equal.} Be7 9. e3 O-O 10. Bd3 Re8 11. O-O Nbd7 {[#]} 12. Rad1 $146 ({Predecessor:} 12. Qc2 b5 13. Rfe1 Bb7 14. a3 c5 15. dxc5 Nxc5 16. Bf5 Qb6 17. Rad1 Rad8 18. Nd4 {0-1 (36) Harsha,B (2509)-Erigaisi,A (2559) Chess.com INT 2020}) 12... Ne4 13. Bxe7 ({Avoid the trap} 13. Nxe4 $2 dxe4 14. Bxe4 (14. Bxe7 $2 Qxe7 15. Bxe4 Qxe4 $19) 14... Bxh4 $19) 13... Qxe7 14. Bxe4 dxe4 15. Nd2 {[%cal Bf3d2,Bd2c4,Bc4b6][%mdl 32]} Nf6 16. Na4 Bg4 17. Rc1 Rad8 18. Nc5 Bc8 19. Nc4 Qc7 20. Qb6 Qxb6 (20... Qe7 {seems wilder.} 21. a3 Rd5 22. Ne5 Rxe5 23. dxe5 Qxe5 24. h3 Nd5) 21. Nxb6 Re7 22. Rc3 Be6 23. Ra1 h5 24. a4 a5 (24... h4 $14 {deserves consideration.}) 25. Nxe6 $16 Rxe6 26. Rac1 c5 (26... Nd5 $142) 27. dxc5 Rc6 28. h3 $1 {To avoid Ng4} Kf8 (28... Rd3 $16 29. Rxd3 exd3) 29. Kf1 (29. Rb3 $1 $18 {and White stays clearly on top.}) 29... h4 (29... Nd5 $142) 30. Ke1 Ke7 31. Rc4 (31. Rb3 $1 $18) 31... Ke6 (31... Rh8 $142) 32. Ke2 (32. R1c3 $142) 32... g5 (32... Rh8 $16) 33. f3 ({Don't take} 33. Rd4 $6 Rxd4 34. exd4 Nd5 $16) 33... Ke5 34. R1c2 exf3+ 35. gxf3 Nh5 36. Re4+ Kf6 {...Ng3+ is the strong threat.} 37. Rd4 Nf4+ 38. Kd2 (38. Kd1 $16 Ne6 39. Rxd8 Nxd8 40. b4) 38... Ne6 (38... Rxd4+ $11 39. exd4 Re6) 39. Rxd8 $14 Nxd8 {[%mdl 4096] Endgame [#] KRN-KRN} 40. b4 $1 axb4 41. Nd5+ Ke5 42. Nxb4 Rc8 {[#]} 43. Rb2 (43. c6 $142 $1) 43... Rc7 44. Nd3+ Ke6 45. Kc3 Nc6 46. Rb6 {White is more active.} ({Better is} 46. Rg2 $16) 46... Kd7 $2 {This costs Black the game.} (46... f5 $1 $14) 47. Nb4 $18 {Strongly threatening Nd5.} Ne5 $2 (47... f5 {was necessary.} 48. Nd5 Rc8 49. Rxb7+ Ke6) 48. Nd5 Rc8 49. f4 ({Less strong is} 49. Rxb7+ Kc6 50. Re7 Nxf3 51. Rxf7 Kxd5 52. Rxf3 Rxc5+ 53. Kd3 Ke6 $16) 49... gxf4 50. exf4 Nf3 (50... Nc6 $142 51. Rxb7+ Ke6) 51. Kc4 Nd2+ 52. Kb5 Nb3 53. Rxb7+ Kd8 54. Nb6 Rxc5+ 55. Kb4 Rf5 56. Kxb3 Rxf4 57. a5 Rf3+ 58. Kb4 {Weighted Error Value: White=0.13 (very precise) /Black=0.40} 1-0

[Event "New York Winter Invitational GM-A 2022"]
[Site "New York"]
[Date "2022.01.14"]
[Round "2.1"]
[White "Nagy, Gabor"]
[Black "Liang, Jason"]
[Result "1-0"]
[WhiteElo "2527"]
[BlackElo "2410"]
[Annotator "TA"]
[PlyCount "93"]
[EventDate "2022.01.11"]
[EventType "tourn"]
[EventCountry "USA"]
[SourceTitle "playchess.com"]
[Source "ChessBase"]
[SourceQuality "1"]

{[%evp 9,93,18,24,16,22,18,22,4,12,4,17,12,22,0,16,2,19,0,0,-26,-23,-38,-33,-60,-64,-70,-44,-71,-58,-54,-62,-47,-61,-56,-1,-30,-23,-19,-22,-33,89,81,210,121,434,434,434,265,275,274,280,251,288,279,251,240,241,230,385,388,378,383,399,389,431,441,431,401,433,428,492,470,539,529,519,501,580,570,616,606,617,609,678,614,734,514]} 1. c4 e6 2. Nc3 d5 3. d4 a6 4. cxd5 exd5 5. Bf4 Nf6 6. e3 {D31: Queen's Gambit Declined: Semi-Slav without ...Nf6 (+ Marshall Gambit and Noteboom) and Exchange Variation lines without ...Nf6.} c5 7. Nf3 c4 8. Be2 {The position is equal.} b5 9. O-O Bb7 10. Ne5 Be7 11. Bf3 O-O 12. Qc2 {[#]} b4 $146 ({Predecessor:} 12... Nbd7 13. Rfd1 Rc8 14. a3 Nb6 15. Qf5 Na8 16. Bg5 g6 17. Qh3 Nc7 18. Bxf6 Bxf6 {0-1 (56) L'Ami,E (2619)-Vallejo Pons,F (2694) Douglas 2019}) 13. Ne2 Nbd7 14. Rad1 a5 15. Ng3 Re8 16. e4 Nb6 17. Rfe1 Rc8 18. Nxf7 Kxf7 19. e5 Ne4 20. Nxe4 dxe4 21. d5 $1 Bg5 ({But not} 21... Bxd5 22. Bxe4 g6 23. Bxd5+ Nxd5 24. Qe4 $16) (21... Nxd5 22. Rxe4 (22. Qxe4 Kg8 $17) 22... b3 23. axb3) (21... exf3 $15 22. Qxh7 Bxd5 23. e6+ Bxe6 24. Rxd8 (24. Qh5+ $2 Kg8 $19) 24... Rcxd8) 22. Qxe4 Kg8 {...Bxf4 is the strong threat.} 23. Bxg5 Qxg5 24. Qd4 Nd7 (24... Qd8 $15 {stays ahead.} 25. Be4 c3 26. bxc3 bxc3) 25. h4 $16 {[%mdl 1024] White has strong compensation. White leaves nothing to chance now.} Qd8 (25... Qg6 $16) 26. Bh5 $18 Rf8 $2 {[%mdl 8192]} (26... g6 $16 {is tougher.} 27. Bg4 c3) 27. e6 Nf6 {[%cal Rd8d5] [#]} 28. e7 $1 Qxd5 {[%csl Gb7][%cal Rd5g2]} 29. exf8=Q+ ({Don't do} 29. exf8=R+ $6 Kxf8 30. Qxd5 Bxd5 $18) 29... Kxf8 {[%csl Gb7][%cal Rd5g2]} 30. Qxd5 Bxd5 {[#]} 31. Bg4 $1 {[%mdl 512]} Rc6 (31... Rc7 32. Bf5) 32. Bf5 g6 33. Bc2 b3 $2 (33... c3) 34. axb3 cxb3 35. Bd3 Rc7 36. Ra1 Ra7 37. Ra4 Bc6 38. Rc4 Bd5 39. Rd4 {White is clearly winning.} Bf7 40. Bc4 Rc7 41. Bxf7 Kxf7 {[%mdl 4096] Endgame KRR-KRN} 42. Re3 Rb7 43. Re5 Ra7 44. Ra4 Rc7 45. Rexa5 Rc1+ 46. Kh2 Rc2 47. Rf4 {Weighted Error Value: White=0.08 (flawless) /Black=0.38} 1-0

[Event "New York Winter Invitational GM-A 2022"]
[Site "New York"]
[Date "2022.01.14"]
[Round "2.2"]
[White "Theodorou, Nikolas"]
[Black "Shlyakhtenko, Robert"]
[Result "1/2-1/2"]
[WhiteElo "2577"]
[BlackElo "2383"]
[Annotator "TA"]
[PlyCount "41"]
[EventDate "2022.01.11"]
[EventType "tourn"]
[EventCountry "USA"]
[SourceTitle "playchess.com"]
[Source "ChessBase"]
[SourceQuality "1"]

{[%evp 12,41,20,8,20,20,21,4,11,26,38,47,50,0,0,0,0,0,0,0,0,0,0,0,0,0,0,0,0,0,0,0]} 1. d4 d5 2. c4 dxc4 3. Nf3 Nf6 4. e3 e6 5. Bxc4 a6 6. O-O c5 7. Nbd2 cxd4 {D27: Queen's Gambit Accepted: Classical main line: 7 e4!? and 7 a4.} 8. Nxd4 {[#]} Bc5 $146 ({Predecessor:} 8... Bd7 9. b3 Nc6 10. N4f3 Be7 11. Bb2 O-O 12. Rc1 Rc8 13. a3 b5 14. Bd3 Qb6 15. Ne4 Nxe4 16. Bxe4 {0-1 (26) Parligras,M (2576)-Stevic,H (2581) Terme Catez 2021}) 9. b3 Bxd4 (9... b5 $5 {[%cal Rb5c4]} 10. Be2 (10. Qf3 Ra7 $11) 10... Bb7 $14) 10. exd4 b5 {[#]} 11. Ba3 $1 Nc6 $1 ({Less strong is} 11... bxc4 12. Nxc4 Qd5 13. Nd6+ Kd7 14. Rc1 $16) 12. Rc1 bxc4 $11 {The position is equal.} 13. Nxc4 {aiming for Nd6+.} Ne7 $1 14. Nd6+ Kf8 15. Qf3 Bd7 $1 16. Rc7 $1 {[%cal Oc7d7]} Rb8 $1 (16... Qxc7 $2 17. Qxa8+ Be8 18. Nxe8 Nxe8 19. d5 $18) 17. Rfc1 Kg8 {[#] White must now prevent ...Ned5.} 18. Nb7 Qe8 19. Nd6 Qd8 20. Nb7 Qe8 {Threatens to win with ...Ned5.} 21. Nd6 {Weighted Error Value: White=0.06 (flawless) /Black=0.02 (flawless)} 1/2-1/2

[Event "New York Winter Invitational GM-A 2022"]
[Site "New York"]
[Date "2022.01.14"]
[Round "2.4"]
[White "Rozman, Levy"]
[Black "Li, Eric"]
[Result "1/2-1/2"]
[WhiteElo "2346"]
[BlackElo "2341"]
[Annotator "TA"]
[PlyCount "81"]
[EventDate "2022.01.11"]
[EventType "tourn"]
[EventCountry "USA"]
[SourceTitle "playchess.com"]
[Source "ChessBase"]
[SourceQuality "1"]

{[%evp 14,81,10,13,27,27,112,106,116,115,112,116,93,111,107,107,120,117,110,113,141,140,128,139,119,113,121,78,110,37,31,42,33,14,13,20,8,0,0,0,0,0,0,0,0,-12,-13,-31,0,-10,0,0,0,0,0,0,0,0,-2,-6,0,0,0,0,0,0,0,0,0,0]} 1. c4 {Ribli,Z} Nf6 2. Nc3 e5 3. g3 c6 4. d4 exd4 5. Qxd4 d5 6. Bg2 dxc4 7. Qxc4 Be6 8. Qa4 Qc8 {A23: English Opening: 1...e5 2 Nc3 Nf6 3 g3 c6.} 9. Nf3 {[#]} Bh3 $146 (9... Be7 $11) ({Predecessor:} 9... Be7 10. O-O Bh3 11. Rd1 Bxg2 12. Kxg2 O-O 13. e4 Nbd7 14. Nd4 Re8 15. f3 Bf8 16. Nf5 {1-0 (63) Markowski,T (2587)-Murdzia,P (2452) Warsaw 2003 CBM 095 [Ribli,Z]}) 10. Bxh3 $16 Qxh3 {[#] White is better.} 11. Qb3 $1 b5 {[#]} 12. Qxf7+ $3 {[%mdl 512]} Kxf7 13. Ng5+ Ke8 14. Nxh3 Nbd7 15. O-O Bb4 16. Bd2 Nb6 17. b3 Rd8 18. Be1 Ba3 19. Ng5 Ke7 20. Nce4 (20. f4 $142) 20... Rhe8 21. Bc3 ({Better is} 21. e3 $16) 21... b4 $1 $14 22. Bxf6+ gxf6 23. Nh3 Nd5 24. Nf4 Nc3 25. Nxc3 bxc3 26. Rac1 Bxc1 27. Rxc1 $11 {[%mdl 4096] Endgame KRR-KRN} Rd2 {And now ...c2 would win.} 28. Rxc3 Kd6 29. a3 a5 30. e3 Re5 {Threatens to win with ...Rc5.} 31. b4 {To avoid Rc5. The position is equal.} axb4 32. axb4 Rb5 33. Rc4 Rb2 34. Re4 R5xb4 35. Re6+ Kd7 36. Rxf6 Rd2 37. Rf7+ Kd6 38. Rxh7 Rbb2 39. Rh6+ Kd7 40. Rh7+ Kd6 41. Rh6+ {Weighted Error Value: White=0.06 (flawless) /Black=0.10 (very precise)} 1/2-1/2

[Event "New York Winter Invitational GM-A 2022"]
[Site "New York"]
[Date "2022.01.14"]
[Round "2.5"]
[White "Wang, Kevin"]
[Black "Daggupati, Balaji"]
[Result "1/2-1/2"]
[WhiteElo "2387"]
[BlackElo "2442"]
[Annotator "TA"]
[PlyCount "140"]
[EventDate "2022.01.11"]
[EventType "tourn"]
[EventCountry "USA"]
[SourceTitle "playchess.com"]
[Source "ChessBase"]
[SourceQuality "1"]

{[%evp 16,140,27,12,5,0,6,0,4,0,7,0,17,12,11,6,29,27,21,17,36,37,35,36,93,81,69,78,73,87,126,124,137,130,133,112,129,115,144,127,131,103,91,87,127,122,94,34,57,62,47,43,54,54,54,0,19,28,94,100,135,131,201,189,191,191,255,202,191,186,200,185,194,177,186,150,148,103,96,0,0,0,172,157,149,59,310,221,380,354,220,94,94,94,94,94,94,94,185,94,94,94,94,94,94,94,94,94,94,87,94,0,94,0,94,94,94,94,94,94,94,94,102,95,102,8,8]} 1. d4 d5 2. c4 c6 3. Nf3 Nf6 4. Qb3 dxc4 5. Qxc4 Bf5 6. g3 e6 7. Bg2 Nbd7 8. O-O Be7 9. e3 (9. Qb3 $5 {[%cal Rb3b7]}) 9... O-O {D23: Queen's Gambit Accepted: 3 Nf3 Nf6 sidelines.} 10. Rd1 Qa5 {10...Rc8 is a critical line.} 11. Qe2 Rfd8 12. Bd2 Qb6 13. Nc3 {[#]} Ne4 $146 ({Predecessor:} 13... Bc2 14. Rdc1 Bg6 15. Nh4 Bh5 16. Bf3 Bxf3 17. Nxf3 a5 18. e4 h6 19. Kg2 Qa6 20. Qxa6 Rxa6 {0-1 (58) Barria Valdes,B-Osorio B,J (2143) ICCF email 2015}) 14. Nxe4 Bxe4 15. Bc3 Nf6 16. Ne5 Bxg2 17. Kxg2 Bd6 18. Nc4 Qb5 19. b3 Bb4 {[#]} (19... Ne4 $14 20. Be1 Bc7) 20. a4 $1 $16 Qd5+ 21. e4 $1 Nxe4 {[%cal Bf6e4,Be4d2,Bd2b3,Bb3d4][%mdl 32]} 22. Bxb4 {Strongly threatening f3.} Nd2+ 23. f3 Nxb3 24. Ne3 Qh5 25. Rab1 Nxd4 {[#]} 26. Qf2 (26. g4 $6 Qxh2+ 27. Kxh2 Nxe2 $14) 26... e5 27. Bc3 Rd7 28. g4 Qg5 29. Nf5 {[%cal Rc3d4]} c5 30. Bxd4 exd4 31. a5 {White is more active.} (31. Re1 $16) 31... Qf6 32. Qc2 b6 33. Qa4 Rad8 {[%cal Oh7h5]} 34. Qb5 {[%cal Ra5b6]} h5 35. h3 ({White should play} 35. axb6 $14 axb6 36. Qxb6) 35... g6 36. Ng3 hxg4 (36... Qf4 $11 {remains equal.}) 37. hxg4 Re7 38. axb6 (38. Ne4 Qf4 39. Re1 Kg7 $15) 38... Re3 (38... axb6 $16 {might work better.} 39. Qxb6 Qxb6 40. Rxb6 Rc7) 39. Rf1 $18 axb6 40. Qxb6 Qg5 (40... Qxb6 $142 41. Rxb6 c4) 41. Rbc1 Rc8 42. Qb7 Rce8 {[%cal Oc5c4]} 43. Qb5 R8e5 44. Rc2 Kg7 45. Rff2 Re1 46. Qb2 (46. f4 $6 Qxg4 47. fxe5 Re3 $11) (46. Qa5 $142) 46... Qf4 {[%cal Oe1g1] [#] Threatens to win with ...Rg1+!} 47. Qb3 (47. Rf1 $1 $16 {[%cal Rf1e1]}) 47... R5e3 {White must now prevent ...Rg1+.} 48. Qc4 Re5 (48... Rg1+ $1 $11 49. Kxg1 Qxg3+ 50. Kf1 Qh3+ 51. Kg1 Qg3+ 52. Kh1 (52. Kf1 Qh3+ 53. Kg1 Qg3+ $11) 52... Qh3+ 53. Kg1 Qg3+) 49. Rce2 R5xe2 50. Rxe2 {Really sharp!} (50. Nxe2 $16 Qg5 51. Ng3) 50... Rc1 $2 {[%mdl 8192]} (50... Qc1 $1 $14 51. Qxc1 Rxc1) 51. Rc2 Rxc2+ (51... Qd2+ 52. Rxd2 Rxc4) 52. Qxc2 Qe3 53. Nf1 (53. Qxc5 Qd2+ 54. Kf1 (54. Kh3 Qh6+ 55. Kg2 Qd2+ 56. Kg1 Qe3+ 57. Kh2 Qh6+ 58. Kg2 Qd2+ $14) 54... Qf4 $14) (53. Ne4 $18) 53... Qe1 54. Qxc5 Qe2+ 55. Kg1 Qxf3 56. Qxd4+ Qf6 (56... f6 $16 57. Nh2 Qg3+ 58. Kh1 Kf7 59. Qd7+ Kf8) 57. Qe4 (57. Qe3 $18) 57... Qg5 $16 58. Ne3 f5 59. Qe5+ Qf6 60. Qc7+ Kg8 61. Qb8+ Kg7 62. Qb7+ Kg8 63. Qb8+ Kg7 $1 64. Qc7+ Kg8 $1 65. Kg2 fxg4 66. Nxg4 Qg5 67. Kf3 Qf5+ 68. Kg3 {Intending Nh6+ and mate.} Qg5 {Prevents Nh6+.} 69. Qd7 Kf8 70. Kf3 ({White should try} 70. Qc8+ $16 Kg7 71. Qc7+ Kf8 72. Qc8+ Kf7 73. Qc4+ Kf8 74. Qd4) 70... Qf5+ {Black escapes into a draw.  Weighted Error Value: White=0.19 (very precise) /Black=0.30} 1/2-1/2